| 000 | 00598nam a22001217a 4500 | ||
|---|---|---|---|
| 008 | 110627t xxu||||| |||| 00| 0 eng d | ||
| 010 | _aHCMAF108 | ||
| 245 | _aHigh Court (Commercial Court Division) HCT-00-CC-MA-0059-2007 (Arising from HCT-00-CC-CS-0454-2005) Godfrey Sentongo Vs Stanbic Bank Uganda Ltd | ||
| 260 | _c2007 | ||
| 500 | _aBefore: THE HONOURABLE MR. JUSTICE FMS EGONDA-NTENDE | ||
| 999 |
_c4085 _d4085 |
||